000
00276nam a22001097a 4500
082
_a
808.2 SEV'W
100
_a
WALL, VINCENT,MCCORMICK, JAMES PATTON
_9
57863
245
_a
SEVEN PLAYS OF THE MODERN THEATER
260
_a
NEWYORK
_b
AMERICAN
_c
1950
300
_a
521P
942
_c
BK
999
_c
568107
_d
568107